Statistics for Mostly-American Corporate CEOs

Click here to take the quiz!

General Stats

  • This quiz has been taken 13,738 times
    (8,732 since last reset)
  • The average score is 11 of 21

Answer Stats

CEOCompany% Correct
Steve JobsApple
99%
Mark ZuckerbergFacebook
98%
Bill GatesMicrosoft
98%
Elon MuskTesla
97%
Jeff BezosAmazon
96%
Richard BransonVirgin
64%
Sam WaltonWal-Mart
63%
Larry PageGoogle
57%
Jack DorseyTwitter
56%
Ray KrocMcDonald's
45%
Warren BuffettBerkshire Hathaway
39%
Michael EisnerDisney
38%
John D. RockefellerStandard Oil
33%
Jack WelchGE
26%
Larry EllisonOracle
25%
Lee IacoccaChrysler
24%
Rupert MurdochNews Corp
24%
Dick CheneyHalliburton
21%
Jamie DimonJPMorgan Chase
20%
Ken LayEnron
18%
Indra NooyiPepsi
17%

Score Distribution

Percentile by Number Answered

Percent of People with Each Score

Your Score History

You have not taken this quiz since the last reset